Cvičebnica jazyka nemeckého pre 3. triedu stredných škôl

Bibliographic Details
Main Author: Bláha, Vojtěch, 1892-1965 (Author)
Format: Book
Language:Slovak
German
PhysicalDescription:197 s. noty, tab. 8°
Published: Praha Profesorské nakladatateľstvo a kníhkupectvo 1933
Edition:2., preprac. vyd.
Subjects:

MARC

LEADER 00000cam a2200000 a 4500
001 vtls008364748
003 SK-MaSNL
005 20260302015737.0
008 260107s1933 xr ag d slo
015 |a SNBA19191938-000686 
035 |a SK01SNKBSKHR20010056965 
035 |a urn:nbn:sk:snk-am3i2l6 
035 |a 9E542145-36C1-444B-ADC5-3EE957916E53 
035 |a urn:nbn:sk:snk-am00dhng 
035 |a SKM000059428 
040 |a SNK  |b slo  |c SNK  |e AACR2 
041 0 |a slo  |a ger 
044 |a xr  |c CZ 
080 |a 803(075)  |2 1981 
080 |a 373(075)  |2 1981 
100 1 |a Bláha, Vojtěch,  |d 1892-1965  |4 aut  |9 199848 
245 1 0 |a Cvičebnica jazyka nemeckého pre 3. triedu stredných škôl  |c Vojtech Bláha 
250 |a 2., preprac. vyd. 
260 |a Praha  |b Profesorské nakladatateľstvo a kníhkupectvo  |c 1933  |e Praha  |f Politika 
300 |a 197 s.  |b noty, tab.  |c 8° 
505 0 |a Slovník nem.-slov. 
650 0 7 |a nemčina  |2 SNKPH  |9 1384 
655 7 |a učebnice stredných škôl  |2 SNKPH  |9 69323 
852 |a Slovenská národná knižnica 
954 |a odborná, vedecká literatúra pôvodná (slovenská)  |2 lita 
958 |a EUIPO 
958 |a OND 
958 |a TL 
958 |a DE 
999 |c 1022467  |d 1024397 
952 |a SNK  |b SNK  |y VYP  |7 0  |p 17A1542043  |o snkSC 2189 D1  |i snkF 635/69  |8 5  |0 0  |1 0  |4 0  |d 2024-02-15  |l 0  |r 2026-02-24 13:28:34  |w 2026-02-24 
952 |a SNK  |b SNK  |y PREZ  |7 0  |p 17A0743123  |o snkSC 2189  |i snk1049/37  |0 0  |1 0  |4 0  |d 2018-05-29  |f 1  |l 0  |r 2025-06-11 00:00:00  |w 2026-02-24